| 000 | 00819nam a22002177a 4500 | ||
|---|---|---|---|
| 005 | 20100731160448.0 | ||
| 010 | _aENG-97558 | ||
| 020 |
_a9788131729304 _c399.00 |
||
| 035 | _aEN-81091 | ||
| 037 | _bDBAD/PUB | ||
| 082 | _a332.632 | ||
| 100 |
_aKasapis, Andrew _94015 |
||
| 245 |
_aMastering credit derivations : _ba step-by-step guide to credit derivatives and structured credit / _cby Andrew Kasapis |
||
| 250 | _a2nd. ed | ||
| 260 |
_aNew Delhi _bPearson _c2010 |
||
| 270 |
_a14 Local Shopping Centre, Panchsheel Park, _bNew Delhi _e110017 |
||
| 300 |
_axiv, 277p.: _bill. _c24cm (pbk) |
||
| 500 | _aincludes index | ||
| 942 |
_2ddc _cEN _h332.632 _mKAS |
||
| 999 |
_c38486 _d38486 |
||